Health and Safety Executive advice on stress (Record no. 73585)
[ view plain ]
| 000 -LEADER | |
|---|---|
| fixed length control field | 01104cam a2200205 4500 |
| 001 - CONTROL NUMBER | |
| control field | WB3938-11 |
| 008 - FIXED-LENGTH DATA ELEMENTS--GENERAL INFORMATION | |
| fixed length control field | 031009n2003 000 0 eng u |
| 035 ## - SYSTEM CONTROL NUMBER | |
| System control number | (Sirsi) u123889 |
| 245 ## - TITLE STATEMENT | |
| Title | Health and Safety Executive advice on stress |
| 260 ## - PUBLICATION, DISTRIBUTION, ETC. | |
| Date of publication, distribution, etc. | 2003 |
| 490 ## - SERIES STATEMENT | |
| Series statement | Health and Safety Bulletin |
| Volume/sequential designation | 322 October 2003, 6(1) |
| 520 ## - SUMMARY, ETC. | |
| Summary, etc. | HSE has published two research reports on stress. These cover stress prevention in "Beacons of excellence in stress prevention" RR133 and rehabilitation in "Best practice in rehabilitating employees following absence due to work-related stress" RR138. The reports will help to develop guidance for managers on implementing the HSE's stress management standards. |
| 590 ## - LOCAL NOTE (RLIN) | |
| Local note | WB |
| 650 ## - SUBJECT ADDED ENTRY--TOPICAL TERM | |
| Topical term or geographic name entry element | HEALTH AND SAFETY EXECUTIVE |
| 650 ## - SUBJECT ADDED ENTRY--TOPICAL TERM | |
| Topical term or geographic name entry element | STRESS |
| 690 ## - LOCAL SUBJECT ADDED ENTRY--TOPICAL TERM (OCLC, RLIN) | |
| Topical term or geographic name as entry element | Health and safety |
| 9 (RLIN) | 6244 |
| 856 ## - ELECTRONIC LOCATION AND ACCESS | |
| Uniform Resource Identifier | <a href="https://www.hse.gov.uk/research/rrhtm/rr133.htm">https://www.hse.gov.uk/research/rrhtm/rr133.htm</a> |
| Public note | A copy of Beacons of Excellence can be downloaded from the HSE website... |
| 856 ## - ELECTRONIC LOCATION AND ACCESS | |
| Uniform Resource Identifier | <a href="https://www.hse.gov.uk/research/rrhtm/rr138.htmzA copy of Best Practice can be downloaded from the HSE website...">https://www.hse.gov.uk/research/rrhtm/rr138.htmzA copy of Best Practice can be downloaded from the HSE website...</a> |
| 942 ## - ADDED ENTRY ELEMENTS (KOHA) | |
| Suppress in OPAC | 0 |
| Withdrawn status | Lost status | Source of classification or shelving scheme | Damaged status | Not for loan | Home library | Current library | Shelving location | Date acquired | Total Checkouts | Full call number | Barcode | Date last seen | Copy number | Price effective from | Koha item type |
|---|---|---|---|---|---|---|---|---|---|---|---|---|---|---|---|
| Dewey Decimal Classification | London | London | News article | 09/10/2003 | WB3938-11 | 123889-1001 | 06/08/2019 | 1 | 06/08/2019 | News article |